Statistiques concernant Pays du Moyen-Orient en 90 secondes

Cliquez ici pour prendre le quiz!

Statistiques générales

  • Ce quiz a été pris 222 fois
  • Le résultat moyen est 16 sur 17

Réponses sur la Carte

Les réponses sont colorées sur une échelle allant du rouge au vert en fonction du pourcentage des utilisateurs qui les ont devinées à leur premier essai. Vous pouvez retrouver ces pourcentages ci-dessous.
 

Statistiques - réponses

pays% Correct
Arabie Saoudite
98%
Irak
98%
Iran
98%
Syrie
96%
Israël
94%
Jordanie
94%
Oman
94%
Yémen
94%
Liban
93%
Qatar
93%
Turquie
93%
Égypte
92%
Koweït
91%
Émirats arabes unis
90%
Bahreïn
89%
Chypre
77%
Palestine
73%

Distribution des résultats

Percentile par nombre de réponses

% des personnes avec chaque résultat

Votre développement - résultats

Vous n’avez pas pris ce quiz